| 000 | 00379nmm a2200157 a 4500 | ||
|---|---|---|---|
| 003 | AR-BaBNM | ||
| 005 | 20251128202659.0 | ||
| 008 | 073119s1947 ||||||||||||||000 | spa|| | ||
| 040 | _cAR-BaBNM | ||
| 700 | 1 | _aMitre, Bartolomé | |
| 100 | _d1821-1906 | ||
| 245 | 1 | 0 | _aDefensa de la poesÃa |
| 260 |
_a[S.l.] _bAcademia Argentina de Letras _c1947 |
||
| 942 | _cBK | ||
| 998 | _cBertuna | ||
| 999 |
_c105 _d105 |
||